Score 0/50 Timer 10:00
0 Plays Today
Answer % Correct
Diane Kruger
68.2%
Veronica Ferres
45.5%
Franka Potente
40.9%
Barbara Auer
36.4%
Iris Berben
27.3%
Alexandra Maria Lara
27.3%
Hannelore Elsner
27.3%
Heike Makatsch
27.3%
Anna Maria Mühe
27.3%
Julia Jentsch
22.7%
Senta Berger
22.7%
Maria Furtwängler
22.7%
Eva Mattes
22.7%
Martina Gedeck
18.2%
Nina Hoss
18.2%
Felicitas Woll
18.2%
Monica Bleibtreu
18.2%
Jessica Schwarz
18.2%
Sibel Kekilli
18.2%
Nastassja Kinski
18.2%
Corinna Harfouch
13.6%
Marie Bäumer
13.6%
Bettina Zimmermann
13.6%
Suzanne von Borsody
13.6%
Andrea Sawatzki
13.6%
Answer % Correct
Mariele Millowitsch
13.6%
Meret Becker
9.1%
Katja Riemann
9.1%
Christiane Paul
9.1%
Hannelore Hoger
9.1%
Katharina Thalbach
9.1%
Maria Simon
9.1%
Bibiana Beglau
9.1%
Anneke Kim Sarnau
9.1%
Lavinia Wilson
9.1%
Nadja Uhl
4.5%
Laura Tonke
4.5%
Sandra Hüller
4.5%
Fritzi Haberlandt
4.5%
Susanne Lothar
4.5%
Juliane Köhler
4.5%
Nicolette Krebitz
4.5%
Sabine Timoteo
4.5%
Katja Flint
4.5%
Gudrun Landgrebe
4.5%
Gisela Schneebergers
4.5%
Johanna Wokalek
0%
Julia Hummer
0%
Dagmar Manzel
0%
Barbara Rudnick
0%
Remove Ads.
Support Sporcle.
Get the best of Sporcle when you Go Orange. This ad-free experience offers more features, more stats, and more fun while also helping to support Sporcle. Thank you for becoming a member.

You're not logged in!

Compare scores with friends on all Sporcle quizzes.
OR
Log In

Show Comments

Extras

Top Quizzes Today


Score Distribution

Your Account Isn't Verified!

In order to create a playlist on Sporcle, you need to verify the email address you used during registration. Go to your Sporcle Settings to finish the process.

Report this User

Report this user for behavior that violates our Community Guidelines.

Details: